Star Wars: Sith Lords #1 - Statistics

General Stats
  • This quiz has been taken 231 times
  • The average score is 8 of 12
Answer Stats
Picture Answer % Correct
Darth Vader
100%
Darth Maul
99%
Darth Sidious
99%
Darth Tyranus
96%
Darth Plagueis
76%
Darth Revan
76%
Darth Nihilus
67%
Darth Bane
66%
Darth Malgus
51%
Darth Tenebrous
33%
Darth Sion
31%
Darth Traya
27%
No matching quizzes found
Score Distribution
Percent of People with Each Score
Percentile by Number Answered
Your Score History
You have not taken this quiz